External factors for Asian development (Record no. 402701)
[ view plain ]
| 000 -LEADER | |
|---|---|
| fixed length control field | 00694cam a22001817a 4500 |
| 008 - FIXED-LENGTH DATA ELEMENTS--GENERAL INFORMATION | |
| fixed length control field | 180718b2003 xxu||||| |||| 00| 0 eng d |
| 020 ## - INTERNATIONAL STANDARD BOOK NUMBER | |
| International Standard Book Number | 9812301925 |
| 082 ## - DEWEY DECIMAL CLASSIFICATION NUMBER | |
| Classification number | T000x5 K823 |
| 245 ## - TITLE STATEMENT | |
| Title | External factors for Asian development |
| Statement of responsibility, etc. | edited by Hirohisa Kohama |
| 260 ## - PUBLICATION, DISTRIBUTION, ETC. | |
| Place of publication, distribution, etc. | Singapore |
| Name of publisher, distributor, etc. | Institute of Southwast Asian Studies |
| Date of publication, distribution, etc. | 2003 |
| 300 ## - PHYSICAL DESCRIPTION | |
| Extent | 242p. |
| 500 ## - GENERAL NOTE | |
| General note | Contents: v.1 Asian development experience |
| 650 ## - SUBJECT ADDED ENTRY--TOPICAL TERM | |
| Topical term or geographic name entry element | Asia, Southeastern - Foreign economic relations - Japan |
| 650 ## - SUBJECT ADDED ENTRY--TOPICAL TERM | |
| Topical term or geographic name entry element | Japan - Foreign economic relations - Asia, Southeastern |
| 650 ## - SUBJECT ADDED ENTRY--TOPICAL TERM | |
| Topical term or geographic name entry element | Economic assistance, Japanese - Asia |
| 650 ## - SUBJECT ADDED ENTRY--TOPICAL TERM | |
| Topical term or geographic name entry element | Economic assistance, Japanese - Asia, Southeastern |
| 700 ## - ADDED ENTRY--PERSONAL NAME | |
| Personal name | Kohama, Hirohisa |
No items available.
